Warta Kerajaan NEGERI KEDAH = GOVERNMENT OF KEDAH GAZETTE (Record no. 188963)

MARC details
000 -LEADER
fixed length control field 00738nam a2200253 4500
001 - CONTROL NUMBER
control field C2-0219576
003 - CONTROL NUMBER IDENTIFIER
control field PPAK
005 - DATE AND TIME OF LATEST TRANSACTION
control field 20220907124651.0
008 - FIXED-LENGTH DATA ELEMENTS--GENERAL INFORMATION
fixed length control field 990902s1980 my e g s | eng d
020 ## - INTERNATIONAL STANDARD BOOK NUMBER
Qualifying information hardback
040 ## - CATALOGING SOURCE
Original cataloging agency PPAK
Language of cataloging eng
Transcribing agency PPAK
Description conventions rda
082 04 - DEWEY DECIMAL CLASSIFICATION NUMBER
Edition number 23
Classification number 328.409595112
090 00 - LOCALLY ASSIGNED LC-TYPE CALL NUMBER (OCLC); LOCAL CALL NUMBER (RLIN)
Classification number (OCLC) (R) ; Classification number, CALL (RLIN) (NR) 328.409595112
Feature heading WAR
Feature heading KK
245 00 - TITLE STATEMENT
Title Warta Kerajaan NEGERI KEDAH = GOVERNMENT OF KEDAH GAZETTE
246 33 - VARYING FORM OF TITLE
Title proper/short title Undang-undang di Malaysia
264 #1 - PRODUCTION, PUBLICATION, DISTRIBUTION, MANUFACTURE, AND COPYRIGHT NOTICE
Place of production, publication, distribution, manufacture Kuala Lumpur :
Name of producer, publisher, distributor, manufacturer Kerajaan Malaysia ,
Date of production, publication, distribution, manufacture, or copyright notice 1980
300 ## - PHYSICAL DESCRIPTION
Extent 1 volume (various pages) ;
Dimensions 25 cm
336 ## - CONTENT TYPE
Source rdacontent
Content type term text
337 ## - MEDIA TYPE
Source rdamedia
Media type term unmediated
338 ## - CARRIER TYPE
Source rdacarrier
Carrier type term volume
500 ## - GENERAL NOTE
General note Bound
651 20 - SUBJECT ADDED ENTRY--GEOGRAPHIC NAME
Geographic name Kedah
Form subdivision Goverment publications
942 ## - ADDED ENTRY ELEMENTS (KOHA)
Koha item type Book
Source of classification or shelving scheme Dewey Decimal Classification
Holdings
Withdrawn Not for loan Current library Shelving location Date acquired Total Checkouts Full call number Barcode Date last seen Koha item type
  Not For Loan Perpustakaan Alor Setar Koleksi Kedah 03/01/2023   KK 328.409595112 WAR A00154806 03/01/2023 Book